New support for Scottish agri-environment schemes (Record no. 72289)
[ view plain ]
| 000 -LEADER | |
|---|---|
| fixed length control field | 01120cam a2200241 4500 |
| 001 - CONTROL NUMBER | |
| control field | WB3910-19 |
| 008 - FIXED-LENGTH DATA ELEMENTS--GENERAL INFORMATION | |
| fixed length control field | 030312n2003 000 0 eng u |
| 035 ## - SYSTEM CONTROL NUMBER | |
| System control number | (Sirsi) u121605 |
| 245 ## - TITLE STATEMENT | |
| Title | New support for Scottish agri-environment schemes |
| 260 ## - PUBLICATION, DISTRIBUTION, ETC. | |
| Date of publication, distribution, etc. | 2003 |
| 490 ## - SERIES STATEMENT | |
| Series statement | Scottish Executive News Release |
| Volume/sequential designation | 6 March 2003, 2) |
| 520 ## - SUMMARY, ETC. | |
| Summary, etc. | A consultation on proposed improvements to schemes supporting environmentally-friendly farming in Scotland has been launched. Views are sought on policy priorities in three areas: continued support for farmers and crofters leaving the Environmentally Sensitive Area (ESA) schemes, support for conversion to organic farming and changes to the Rural Stewardship scheme. Responses must be made by May 30 2003. http://www.scotland.gov.uk/pages/news/2003/03/SEEN375.aspx |
| 590 ## - LOCAL NOTE (RLIN) | |
| Local note | WB |
| 650 ## - SUBJECT ADDED ENTRY--TOPICAL TERM | |
| Topical term or geographic name entry element | AGRI-ENVIRONMENT SCHEMES |
| 650 ## - SUBJECT ADDED ENTRY--TOPICAL TERM | |
| Topical term or geographic name entry element | ORGANIC AID SCHEME |
| 650 ## - SUBJECT ADDED ENTRY--TOPICAL TERM | |
| Topical term or geographic name entry element | RURAL STEWARDSHIP SCHEME |
| 650 ## - SUBJECT ADDED ENTRY--TOPICAL TERM | |
| Topical term or geographic name entry element | SCOTLAND |
| 650 ## - SUBJECT ADDED ENTRY--TOPICAL TERM | |
| Topical term or geographic name entry element | FARMERS |
| 650 ## - SUBJECT ADDED ENTRY--TOPICAL TERM | |
| Topical term or geographic name entry element | CROFTERS |
| 650 ## - SUBJECT ADDED ENTRY--TOPICAL TERM | |
| Topical term or geographic name entry element | ENVIRONMENTALLY SENSITIVE AREAS |
| 690 ## - LOCAL SUBJECT ADDED ENTRY--TOPICAL TERM (OCLC, RLIN) | |
| Topical term or geographic name as entry element | RURAL-AGRICULTURE AND FORESTRY |
| 942 ## - ADDED ENTRY ELEMENTS (KOHA) | |
| Suppress in OPAC | 0 |
| Withdrawn status | Lost status | Source of classification or shelving scheme | Damaged status | Not for loan | Home library | Current library | Shelving location | Date acquired | Total Checkouts | Full call number | Barcode | Date last seen | Copy number | Price effective from | Koha item type |
|---|---|---|---|---|---|---|---|---|---|---|---|---|---|---|---|
| Dewey Decimal Classification | London | London | News article | 12/03/2003 | WB3910-19 | 121605-1001 | 06/08/2019 | 1 | 06/08/2019 | News article |